| 000 | 01037nam a22002297a 4500 | ||
|---|---|---|---|
| 003 | OSt | ||
| 005 | 20250918095744.0 | ||
| 008 | 240301b ||||| |||| 00| 0 eng d | ||
| 040 | _c0 | ||
| 082 | _aDPer 621.317 Ie21 June 2022 v. 37 n. 6 | ||
| 100 |
_aWei, Jiadan. _eauthor. _953804 |
||
| 245 |
_aThe torque ripple optimization of open-winding permanent magnet synchronous motor with direct torque control strategy over a wide bus voltage ratio range / _cJiadan Wei, Xianghao Kong, Wenjie Tao, Zhuoran Zhang, and Bo Zhou. |
||
| 260 |
_aNew York ; _bThe Institute of Electrical and Electronics Engineers, Inc. , _cJune 2022. |
||
| 300 |
_aVolume 37, pages 7156-7168 : _billustration ; _c29 cm. |
||
| 500 | _aIEEE Transactions on Power Electronics, vol. 37, no. 6, pages 7156-7168, June 2022. | ||
| 700 |
_aWei, Jiadan. _eauthor. _953804 |
||
| 700 |
_aKong, Xianghao. _eauthor. _953805 |
||
| 700 |
_aTao, Wenjie. _eauthor. _953806 |
||
| 700 |
_aZhang, Zhuoran. _eauthor. _953807 |
||
| 700 |
_aZhou, Bo. _eauthor. _953808 |
||
| 942 |
_2ddc _cPER |
||
| 999 |
_c19485 _d19485 |
||